MARC

LEADER 00000nam0a2200000 4500
001 327004
005 20231102003922.0
035 |a (RuTPU)RU\TPU\book\352664 
090 |a 327004 
100 |a 20170123d1952 m y0rusy50 ca 
101 0 |a rus 
102 |a RU 
105 |a a j 001zy 
200 1 |a Деревянные конструкции  |e учебник для вузов  |f Г. Г. Карлсен [и др.] 
205 |a 2-е изд., перераб. 
210 |a Москва  |a Ленинград  |c Государственное издательство литературы по строительству и архитектуре  |d 1952 
215 |a 758 с.  |c ил. 
320 |a Библиогр.: с. 747-751 
606 1 |a Деревянные конструкции  |2 stltpush  |3 (RuTPU)RU\TPU\subj\9115  |9 36397 
610 1 |a дерево 
610 1 |a конструктивные материалы 
610 1 |a ограждающие конструкции 
610 1 |a расчет 
610 1 |a проектирование 
610 1 |a соединения 
610 1 |a плоские конструкции 
610 1 |a сквозные конструкции 
610 1 |a пространственные конструкции 
610 1 |a деревянные сооружения 
610 1 |a эксплуатация 
610 1 |a ремонт 
610 1 |a учебники 
675 |a 624.011.1(075.8)  |v 3 
701 1 |a Карлсен  |b Г. Г. 
701 1 |a Большаков  |b В. В. 
701 1 |a Каган  |b М. Е. 
701 1 |a Свенцицкий  |b Г. В. 
801 1 |a RU  |b 63413507  |c 20170123 
801 2 |a RU  |b 63413507  |c 20170126  |g RCR 
942 |c BK